|
|
|
|
| LEADER |
00000nam0a2200000 4500 |
| 001 |
253474 |
| 005 |
20231214113816.0 |
| 010 |
|
|
|a 9785438703600
|
| 035 |
|
|
|a (RuTPU)RU\TPU\book\275863
|
| 090 |
|
|
|a 253474
|
| 100 |
|
|
|a 20140313d2013 k y0rusy50 ca
|
| 101 |
0 |
|
|a rus
|
| 102 |
|
|
|a RU
|
| 105 |
|
|
|a a z 001zy
|
| 200 |
1 |
|
|a Тепловые режимы производственных помещений с системами отопления на базе газовых инфракрасных излучателей
|e монография
|f Н. И. Куриленко [и др.]
|g Национальный исследовательский Томский политехнический университет (ТПУ)
|
| 210 |
|
|
|a Томск
|c Изд-во ТПУ
|d 2013
|
| 215 |
|
|
|a 101 с.
|c ил.
|
| 320 |
|
|
|a Библиогр.: с. 88-100.
|
| 330 |
|
|
|a В монографии представлены результаты численного исследования теплообмена в замкнутых системах при наличии источника тепловыделения и опытные данные. При математическом моделировании исследуемых процессов предложен подход, включающий сопряженную постановку задачи естественной конвекции в прямоугольной области при наличии радиационного источника нагрева. На современном уровне рассмотрены различные варианты обогрева помещений газовыми инфракрасными излучателями. Анализируются вопросы энергосбережения и эффективности. Монография предназначена для специалистов, деятельность которых связана с исследованием теплообмена, а также для студентов, аспирантов и преподавателей энергетического профиля высших учебных заведений.
|
| 606 |
1 |
|
|a Инфракрасные излучатели газовые
|x Применение в строительстве
|2 stltpush
|3 (RuTPU)RU\TPU\subj\66243
|9 82455
|
| 610 |
1 |
|
|a строительство
|
| 610 |
1 |
|
|a отопительные системы
|
| 610 |
1 |
|
|a лучистое отопление
|
| 610 |
1 |
|
|a нагрев
|
| 610 |
1 |
|
|a радиационные источники
|
| 610 |
1 |
|
|a сопряженный теплоперенос
|
| 610 |
1 |
|
|a математическое моделирование
|
| 610 |
1 |
|
|a производственные здания
|
| 610 |
1 |
|
|a покрытия
|
| 610 |
1 |
|
|a теплоизолирующие свойства
|
| 610 |
1 |
|
|a температурные поля
|
| 610 |
1 |
|
|a монографии
|
| 610 |
1 |
|
|a труды учёных ТПУ
|
| 675 |
|
|
|a 697.2
|v 3
|
| 701 |
|
1 |
|a Куриленко
|b Н. И.
|
| 701 |
|
1 |
|a Максимов
|b В. И.
|c специалист в области теплотехники
|c доцент Томского политехнического университета, кандидат технических наук
|f 1977-
|g Вячеслав Иванович
|3 (RuTPU)RU\TPU\pers\25530
|
| 701 |
|
1 |
|a Мамонтов
|b Г. Я.
|c математик
|c профессор Томского политехнического университета, доктор физико-математических наук
|f 1945-
|g Геннадий Яковлевич
|3 (RuTPU)RU\TPU\pers\35352
|
| 701 |
|
1 |
|a Нагорнова
|b Т. А.
|c специалист в области теплотехники
|c доцент Томского политехнического университета, кандидат технических наук
|f 1981-
|g Татьяна Александровна
|3 (RuTPU)RU\TPU\pers\29375
|9 13957
|
| 712 |
0 |
2 |
|a Национальный исследовательский Томский политехнический университет (ТПУ)
|c (2009- )
|3 (RuTPU)RU\TPU\col\15902
|
| 801 |
|
1 |
|a RU
|b 63413507
|c 20140313
|
| 801 |
|
2 |
|a RU
|b 63413507
|c 20151016
|g RCR
|
| 942 |
|
|
|c BK
|